Loading...
| Science - Physics | 2 | 6 | 0 | 1 | 90 | 46 | 86.50 | 3 | 8 |
| Science - Other Science | 3 | 4 | 0 | 1 | 85 | 46 | 62.29 | 5 | 7 |
| Philosophy | 3 | 0 | 0 | 0 | 45 | 53 | 55.67 | 3 | 3 |
| Science - Biology | 1 | 3 | 0 | 0 | 45 | 31 | 70.25 | 2 | 4 |
| Science - Chemistry | 1 | 3 | 2 | 1 | 35 | 68 | 78.75 | 1 | 4 |
| Literature - American Literature | 0 | 3 | 0 | 0 | 30 | 101 | 113.67 | 1 | 2 |
| Literature - World Literature | 0 | 3 | 0 | 1 | 30 | 89 | 123.00 | 0 | 2 |
| Fine Arts - Auditory Fine Arts | 0 | 2 | 0 | 1 | 20 | 81 | 114.00 | 0 | 2 |
| Mythology | 0 | 1 | 0 | 0 | 10 | 147 | 147.00 | 0 | 0 |
| History - World History | 0 | 1 | 0 | 1 | 10 | 131 | 131.00 | 0 | 1 |
| Fine Arts - Visual Fine Arts | 0 | 1 | 0 | 0 | 10 | 131 | 131.00 | 0 | 1 |
| Social Science | 0 | 1 | 0 | 0 | 10 | 87 | 87.00 | 0 | 1 |